000 00791nas a2200229 4500
001 BR9605408
003 BR-BrBNA
005 20231205095354.0
007 ta
008 230509b bl.|||p| |||| 00| 00por d
040 _aBR-BrBNA
_bpor
_cBiblioteca Nacional de Agricultura
041 _a(Pt)
072 _aL73
100 1 _aFreire, R.B.
100 1 _aLopes, C.W.G.
245 1 _aInfeccao experimental em camundongos neonatos com esporozoitas de Cystoisospora felis (Wenyon, 1923)Frenkel, 1977 (Apicomplexa: Cystoisosporinae)
650 _aCamundongo
650 _aTransmissao de Doenca
773 0 _tRevista Brasileira de Ciencia Veterinaria (Brazil)
_xISSN 1413-0130
_g(Jan-Apr 1995), v. 2(1) p. 33-34
_wBR9605408
909 _a202311
_bLúcia
_c55
_dLúcia Elande
942 _2AGRIS
_n0
_cANA
999 _c150289
_d150289